Statistics for Animals By Picture - Letter M

Click here to take the quiz!

General Stats

  • This quiz has been taken 271 times
  • The average score is 10 of 15

Answer Stats

Answer% Correct
Mouse
95%
Moose
94%
Mole
90%
Manatee
88%
Meerkat
86%
Manta Ray
83%
Macaw
82%
Mallard Duck
72%
Monkey
72%
Magpie
58%
Musk Ox
58%
Mongoose
48%
Mockingbird
39%
Marmot
38%
Marabou Stork
28%

Score Distribution

Percentile by Number Answered

Percent of People with Each Score

Your Score History

You have not taken this quiz